<?xml version="1.0" encoding="UTF-8"?>
<record
    xmlns:xsi="http://www.w3.org/2001/XMLSchema-instance"
    xsi:schemaLocation="http://www.loc.gov/MARC21/slim http://www.loc.gov/standards/marcxml/schema/MARC21slim.xsd"
    xmlns="http://www.loc.gov/MARC21/slim">

  <leader>01580nam0a22003011  4500</leader>
  <controlfield tag="001">rc\3775678</controlfield>
  <controlfield tag="005">20260407144601.0</controlfield>
  <datafield tag="021" ind1=" " ind2=" ">
    <subfield code="a">RU</subfield>
    <subfield code="b">75-92337</subfield>
  </datafield>
  <datafield tag="021" ind1=" " ind2=" ">
    <subfield code="a">RU</subfield>
    <subfield code="b">&#x420;&#x433;984-76</subfield>
  </datafield>
  <datafield tag="035" ind1=" " ind2=" ">
    <subfield code="a">(NLR Aleph) 007223322</subfield>
  </datafield>
  <datafield tag="090" ind1=" " ind2=" ">
    <subfield code="a">7704442</subfield>
    <subfield code="c">7704442</subfield>
  </datafield>
  <datafield tag="100" ind1=" " ind2=" ">
    <subfield code="a">20120127d1975    |||y0rusy50      ca</subfield>
  </datafield>
  <datafield tag="101" ind1="1" ind2=" ">
    <subfield code="a">rus</subfield>
    <subfield code="c">eng</subfield>
  </datafield>
  <datafield tag="102" ind1=" " ind2=" ">
    <subfield code="a">RU</subfield>
  </datafield>
  <datafield tag="105" ind1=" " ind2=" ">
    <subfield code="a">b   z   |||||</subfield>
  </datafield>
  <datafield tag="200" ind1="1" ind2=" ">
    <subfield code="a">&#x414;&#x435;&#x44F;&#x442;&#x435;&#x43B;&#x44C;&#x43D;&#x43E;&#x441;&#x442;&#x44C; &#x43D;&#x430;&#x446;&#x438;&#x43E;&#x43D;&#x430;&#x43B;&#x44C;&#x43D;&#x43E;&#x439; &#x441;&#x43B;&#x443;&#x436;&#x431;&#x44B; &#x43F;&#x43E;&#x433;&#x43E;&#x434;&#x44B; &#x421;&#x428;&#x410;</subfield>
    <subfield code="e">[&#x414;&#x43E;&#x43A;&#x43B;&#x430;&#x434;]</subfield>
    <subfield code="e">&#x41F;&#x435;&#x440;. &#x441; &#x430;&#x43D;&#x433;&#x43B;.</subfield>
    <subfield code="f">[&#x41F;&#x43E;&#x434; &#x440;&#x435;&#x434;. &#x434;. &#x444;.-&#x43C;. &#x43D;. &#x413;.&#x412;. &#x413;&#x440;&#x443;&#x437;&#x430;]</subfield>
    <subfield code="g">&#x413;&#x43B;. &#x443;&#x43F;&#x440;. &#x433;&#x438;&#x434;&#x440;&#x43E;&#x43C;&#x435;&#x442;&#x435;&#x43E;&#x440;&#x43E;&#x43B;. &#x441;&#x43B;&#x443;&#x436;&#x431;&#x44B; &#x43F;&#x440;&#x438; &#x421;&#x43E;&#x432;&#x435;&#x442;&#x435; &#x41C;&#x438;&#x43D;&#x438;&#x441;&#x442;&#x440;&#x43E;&#x432; &#x421;&#x421;&#x421;&#x420;. &#x412;&#x41D;&#x418;&#x418; &#x433;&#x438;&#x434;&#x440;&#x43E;&#x43C;&#x435;&#x442;&#x435;&#x43E;&#x440;&#x43E;&#x43B;. &#x438;&#x43D;&#x444;&#x43E;&#x440;&#x43C;&#x430;&#x446;&#x438;&#x438;. &#x41C;&#x438;&#x440;&#x43E;&#x432;&#x43E;&#x439; &#x446;&#x435;&#x43D;&#x442;&#x440; &#x434;&#x430;&#x43D;&#x43D;&#x44B;&#x445;. &#x418;&#x43D;&#x444;&#x43E;&#x440;&#x43C;. &#x446;&#x435;&#x43D;&#x442;&#x440;</subfield>
  </datafield>
  <datafield tag="210" ind1=" " ind2=" ">
    <subfield code="a">&#x41E;&#x431;&#x43D;&#x438;&#x43D;&#x441;&#x43A;</subfield>
    <subfield code="c">&#x411;. &#x438;.</subfield>
    <subfield code="d">1975</subfield>
  </datafield>
  <datafield tag="215" ind1=" " ind2=" ">
    <subfield code="a">224 &#x441;.</subfield>
    <subfield code="c">&#x43A;&#x430;&#x440;&#x442;.</subfield>
    <subfield code="d">26</subfield>
  </datafield>
  <datafield tag="311" ind1=" " ind2=" ">
    <subfield code="a">&#x41D;&#x430; &#x43E;&#x431;&#x43E;&#x440;&#x43E;&#x442;&#x435; &#x442;&#x438;&#x442;. &#x43B;.: Operation of the national weather service</subfield>
  </datafield>
  <datafield tag="454" ind1=" " ind2="0">
    <subfield code="1">2001#$aOperation of the national weather service</subfield>
    <subfield code="t">Operation of the national weather service</subfield>
  </datafield>
  <datafield tag="532" ind1="1" ind2="2">
    <subfield code="a">&#x414;&#x435;&#x44F;&#x442;&#x435;&#x43B;&#x44C;&#x43D;&#x43E;&#x441;&#x442;&#x44C; &#x43D;&#x430;&#x446;&#x438;&#x43E;&#x43D;&#x430;&#x43B;&#x44C;&#x43D;&#x43E;&#x439; &#x441;&#x43B;&#x443;&#x436;&#x431;&#x44B; &#x43F;&#x43E;&#x433;&#x43E;&#x434;&#x44B; &#x421;&#x43E;&#x435;&#x434;&#x438;&#x43D;&#x435;&#x43D;&#x43D;&#x44B;&#x445; &#x428;&#x442;&#x430;&#x442;&#x43E;&#x432; &#x410;&#x43C;&#x435;&#x440;&#x438;&#x43A;&#x438;</subfield>
  </datafield>
  <datafield tag="702" ind1=" " ind2="1">
    <subfield code="4">340</subfield>
    <subfield code="7">ca</subfield>
    <subfield code="8">rus</subfield>
    <subfield code="a">&#x413;&#x440;&#x443;&#x437;&#x430;</subfield>
    <subfield code="b">&#x413;. &#x412;.</subfield>
    <subfield code="f">1931-</subfield>
    <subfield code="g">&#x413;&#x435;&#x43E;&#x440;&#x433;&#x438;&#x439; &#x412;&#x430;&#x434;&#x438;&#x43C;&#x43E;&#x432;&#x438;&#x447;</subfield>
    <subfield code="9">145011</subfield>
    <subfield code="3">RU\NLR\AUTH\770145047</subfield>
  </datafield>
  <datafield tag="712" ind1="0" ind2="2">
    <subfield code="a">&#x412;&#x41D;&#x418;&#x418; &#x433;&#x438;&#x434;&#x440;&#x43E;&#x43C;&#x435;&#x442;&#x435;&#x43E;&#x440;&#x43E;&#x43B;&#x43E;&#x433;&#x438;&#x447;&#x435;&#x441;&#x43A;&#x43E;&#x439; &#x438;&#x43D;&#x444;&#x43E;&#x440;&#x43C;&#x430;&#x446;&#x438;&#x438;</subfield>
    <subfield code="c">&#x41E;&#x431;&#x43D;&#x438;&#x43D;&#x441;&#x43A;</subfield>
    <subfield code="3">RU\NLR\AUTH\8810019466</subfield>
    <subfield code="9">536823</subfield>
  </datafield>
  <datafield tag="801" ind1=" " ind2="0">
    <subfield code="a">RU</subfield>
    <subfield code="b">NLR</subfield>
    <subfield code="g">psbo</subfield>
  </datafield>
  <datafield tag="801" ind1=" " ind2="1">
    <subfield code="a">RU</subfield>
    <subfield code="b">ELAR</subfield>
    <subfield code="2">rusmarc</subfield>
  </datafield>
  <datafield tag="852" ind1=" " ind2=" ">
    <subfield code="a">NLR</subfield>
    <subfield code="j">76-7/117</subfield>
  </datafield>
  <datafield tag="942" ind1=" " ind2=" ">
    <subfield code="c">BOOK</subfield>
  </datafield>
  <datafield tag="980" ind1=" " ind2=" ">
    <subfield code="a">NB</subfield>
  </datafield>
  <datafield tag="995" ind1=" " ind2=" ">
    <subfield code="5">2013-10-26</subfield>
    <subfield code="b">NLR01</subfield>
    <subfield code="c">NLR01</subfield>
    <subfield code="e">RF91</subfield>
    <subfield code="f">7223322-10</subfield>
    <subfield code="k">76-7/117</subfield>
    <subfield code="o">0</subfield>
    <subfield code="r">BOOK</subfield>
    <subfield code="s">767117_</subfield>
  </datafield>
</record>
